000 00954nam a2200301Ia 4500
003 OSt
005 20221006155955.0
006 a|||||r|||| 00| 0
007 ta
008 221006b |||||||| |||| 00| 0 eng d
020 _a9780754617297
024 _a43,963
037 _bGift, Korean Embassy (Window on Korea)
_cTextual
040 _aEASL
_cEASL
_beng
041 _2eng
_aeng
082 _aV495:19(zP).N9, P1
100 _aKil Byung-ok
_9671277
245 0 _aSecurity policy dynamics
_b Effects of contextual determinants to South Korea
260 _aAldershot
_bAshgate
_c2001
300 _a250p.
_ccm.
490 _v KEL
650 _a Korea- Foreign relations
650 _a Korea- Politics and government
_9647107
650 _a National security- Korea
_9671278
650 _aKEL
942 _hV495:19(zP).N9, P1
_cTEXL
_2CC
999 _c1112055
_d1112055